<?xml version="1.0" encoding="UTF-8"?>
<record
    xmlns:xsi="http://www.w3.org/2001/XMLSchema-instance"
    xsi:schemaLocation="http://www.loc.gov/MARC21/slim http://www.loc.gov/standards/marcxml/schema/MARC21slim.xsd"
    xmlns="http://www.loc.gov/MARC21/slim">

  <leader>00365nam a2200145Ia 4500</leader>
  <controlfield tag="008">221030s9999    xx            000 0 und d</controlfield>
  <datafield tag="020" ind1=" " ind2=" ">
    <subfield code="a">9788192355207</subfield>
  </datafield>
  <datafield tag="041" ind1=" " ind2=" ">
    <subfield code="a">English</subfield>
  </datafield>
  <datafield tag="100" ind1=" " ind2=" ">
    <subfield code="a">S. Bansal</subfield>
  </datafield>
  <datafield tag="245" ind1=" " ind2="0">
    <subfield code="a">Computer Fundamentals &amp; Applications</subfield>
    <subfield code="c">by S. Bansal</subfield>
  </datafield>
  <datafield tag="260" ind1=" " ind2=" ">
    <subfield code="b">Apex Pub.</subfield>
    <subfield code="a">New Delhi</subfield>
    <subfield code="c">2012</subfield>
  </datafield>
  <datafield tag="300" ind1=" " ind2=" ">
    <subfield code="a">539</subfield>
  </datafield>
  <datafield tag="650" ind1=" " ind2=" ">
    <subfield code="a">BB Computer</subfield>
  </datafield>
  <datafield tag="942" ind1=" " ind2=" ">
    <subfield code="c">BK</subfield>
  </datafield>
  <datafield tag="999" ind1=" " ind2=" ">
    <subfield code="c">18797</subfield>
    <subfield code="d">18797</subfield>
  </datafield>
  <datafield tag="952" ind1=" " ind2=" ">
    <subfield code="p">BB 1034</subfield>
    <subfield code="g">289.00</subfield>
    <subfield code="l">0</subfield>
    <subfield code="r">2025-05-17 00:00:00</subfield>
    <subfield code="w">2022-10-30</subfield>
    <subfield code="y">BK</subfield>
    <subfield code="0">0</subfield>
    <subfield code="3">Print</subfield>
    <subfield code="4">0</subfield>
    <subfield code="7">0</subfield>
    <subfield code="a">MIETLIB</subfield>
    <subfield code="b">MIETLIB</subfield>
    <subfield code="c">BL-, FL-, CUP-73, SH-3, R-3</subfield>
    <subfield code="d">2022-03-15</subfield>
    <subfield code="1">0</subfield>
    <subfield code="H">BB</subfield>
  </datafield>
</record>
